Equipes gagnantes saison 2022/2023 - Statistiques

Statistiques générales
  • Ce quiz a été pris 228 fois
    29 depuis la dernière actualisation
  • Le résultat moyen est 60 sur 99
Statistiques - réponses
Hint Réponse % Correct
G Gianluigi Donnarumma
100%
ATT Erling Haaland
96%
ATT Erling Haaland
96%
Erling Haaland
96%
ATT Kylian Mbappé
96%
G Marc-André ter Stegen
96%
DEF Achraf Hakimi
93%
MIL Pedri
93%
G Ederson
89%
G Ederson
89%
Ederson
89%
MIL Gavi
89%
ATT Lionel Messi
89%
DEF Marquinhos
89%
ATT Robert Lewandowski
89%
MIL Bernardo Silva
85%
MIL Bernardo Silva
85%
MIL Kevin De Bruyne
85%
MIL Kevin De Bruyne
85%
DEF Jules Koundé
81%
Phil Foden
81%
MIL Frenkie De Jong
78%
DEF John Stones
78%
DEF Kyle Walker
78%
Kyle Walker
78%
ATT Leroy Sané
78%
MIL Marco Verratti
78%
ATT Raphinha
78%
DEF Ronald Araujo
78%
DEF Ruben Dias
78%
DEF Ruben Dias
78%
MIL Vitinha
78%
MIL Joshua Kimmich
74%
ATT Khvicha Kvaratskhelia
74%
DEF Mario Rui
74%
MIL Rodri
74%
MIL Rodri
74%
Rodri
74%
ATT Thomas Müller
74%
DEF Alejandro Baldé
70%
ATT Serge Gnabry
70%
G Yann Sommer
70%
ATT Jack Grealish
67%
ATT Jack Grealish
67%
Jack Grealish
67%
MIL Jamal Musiala
67%
DEF Juan Bernat
67%
ATT Victor Osimhen
67%
DEF Danilo Pereira
63%
MIL Ilkay Gündogan
63%
MIL Ilkay Gündogan
63%
MIL Leon Goretzka
63%
DEF Manuel Akanji
63%
DEF Manuel Akanji
63%
Manuel Akanji
63%
DEF Sergio Ramos
63%
DEF Alphonso Davies
59%
DEF Andreas Christensen
59%
MIL Fabian Ruiz
59%
DEF Nathan Aké
59%
Nathan Aké
59%
ATT Riyad Mahrez
59%
G Alphonse Areola
52%
DEF Dayot Upamecano
52%
MIL André-Frank Zambo Anguissa
48%
DEF Kim Min-jae
48%
DEF Matthijs de Ligt
48%
MIL Sergio Busquets
48%
G Alex Meret
44%
ATT Jarrod Bowen
44%
Joško Gvardiol
44%
MIL Lucas Paqueta
44%
MIL Stanilav Lobotka
44%
DEF Giovanni Di Lorenzo
41%
DEF Jesus Navas
41%
DEF Kurt Zouma
41%
MIL Oliver Torres
41%
ATT Youssef En-Nesyri
41%
DEF Benjamin Pavard
37%
MIL Thomas Soucek
37%
G Yassine Bounou
37%
DEF Amir Rrahmani
33%
ATT Michail Antonio
33%
DEF Vladimir Coufal
33%
Cole Palmer
30%
DEF Loïc Badé
30%
Mateo Kovačić
30%
MIL Ivan Rakitic
26%
ATT Lucas Ocampos
26%
MIL Piotr Zielinski
26%
MIL Declan Rice
22%
DEF Emerson
22%
DEF Nayef Aguerd
22%
MIL Fernando
19%
DEF Nemanja Gudelj
19%
ATT Bryan Gil
15%
MIL Elif Elmas
15%
DEF Alex Telles
11%
ATT Saïd Benrahma
11%
Aucun quiz correspondant
Distribution des résultats
% des personnes avec chaque résultat
Percentile par nombre de réponses
Votre historique - résultats
Vous n’avez pas pris ce quiz depuis la dernière actualisation